000 00715nam a2200229Ia 4500
003 OSt
005 20220923224108.0
006 a|||||r|||| 00| 0
007 ta
008 Pun
024 _a225,585
037 _cTextual
040 _aARTS
_cARTS
_bPun
041 _2Pun
_aPun
082 _aQ8441:gv, 153P3
100 _aਭੱਲਾ, ਜਸਬੀਰ ਸਿੰਘ
_9156315
245 0 _aਸਿੱਖ ਸਿਧਾਜ਼ਤ ਗੁਰਮਤਿ ਵਿਚਾਰਧਾਰਾ
260 _aਦਿੱਲੀ
_b ਮਨਪ੍ਰੀਤ ਪ੍ਰਕਾFਨ
_c2003
300 _a148ਪੰ
_ccm.
942 _hQ8441:gv, 153P3
_cTEXL
_2CC
999 _c369194
_d369194